000 00494nam a22001697a 4500
005 20230313083548.0
008 230313b |||||||| |||| 00| 0 eng d
020 _a0-345-42647-9
082 _a617.71 C349 1997
100 _aCaster, Andrew I.
_eauthor
245 _aThe eye laser miracle:
_bthe complete guide to better vision /
_cAndrew I. Carter
260 _aNew York:
_bBallantine Books,
_cc1997
300 _axi, 154p.:
_bill.
504 _aIncludes index
541 _e5005
650 _aEye
999 _c1791
_d1791